CAD/CAM: principles and applications (Record no. 503)

MARC details
000 -LEADER
Fixed length control field 00534nam a2200181 4500
003 - CONTROL NUMBER IDENTIFIER
Control field SEACOMEC
005 - DATE AND TIME OF LATEST TRANSACTION
Control field 20240118161033.0
008 - FIXED-LENGTH DATA ELEMENTS--GENERAL INFORMATION
Fixed length control field 240118b |||||||| |||| 00| 0 eng d
020 ## - INTERNATIONAL STANDARD BOOK NUMBER / ISBN
Price Rs275.00
040 ## - CATALOGING SOURCE
Original cataloging agency SEACOMEC
082 ## - DEWEY DECIMAL CLASSIFICATION NUMBER
Classification number 670.285
Book Number R215
100 ## - MAIN ENTRY--PERSONAL NAME
Personal name Rao,P. Nageswara
245 1# - TITLE STATEMENT
Title CAD/CAM: principles and applications
Statement of responsibility P. Nageswara,Rao
250 ## - EDITION STATEMENT
Edition statement 2nd ed.
260 ## - IMPRINT
Place of publication New Delhi
Name of publisher Tata McGraw Hill
Date of publication 2004
650 ## - SUBJECT ADDED ENTRY--TOPICAL TERM
Topical term Technology, Other products of specific kinds of materials .285 Computer applications
942 ## - ADDED ENTRY ELEMENTS (KOHA)
Koha item type Books
Holdings
Withdrawn status Lost status Source of classification Damaged status Not for loan Home library Current library Date acquired Total Checkouts Call number Accession number Date last seen Copy number Price effective from Koha item type
    Dewey Decimal Classification     SEACOM ENGINEERING COLLEGE SEACOM ENGINEERING COLLEGE 05/06/2006   670.285 R215 01612 18/01/2024 2 18/01/2024 Books
    Dewey Decimal Classification     SEACOM ENGINEERING COLLEGE SEACOM ENGINEERING COLLEGE 05/06/2006   670.285 R215 01613 18/01/2024 3 18/01/2024 Books
© Seacom Engineering College, All rights reserved.      Powered by Koha